Normal view MARC view
  • Foreign relation

Entry Topical Term

Number of records used in: 1

001 - CONTROL NUMBER

  • control field: 130745

003 - CONTROL NUMBER IDENTIFIER

  • control field: NUST

005 - DATE AND TIME OF LATEST TRANSACTION

  • control field: 20250928102649.0

008 - FIXED-LENGTH DATA ELEMENTS

  • fixed length control field: 250928|| aca||aabn | a|a d

040 ## - CATALOGING SOURCE

  • Original cataloging agency: NUST
  • Transcribing agency: NUST

150 ## - HEADING--TOPICAL TERM

  • Topical term or geographic name entry element: Foreign relation

670 ## - SOURCE DATA FOUND

  • Source citation: Work cat.: (NUST): Hafeez, Nasir 130744, Indian Nuclear Diplomacy Post May 1998: a discourse analysis/, 2025.
© 2023 Central Library, National University of Sciences and Technology. All Rights Reserved.